书目信息 |
| 题名: |
网络经济学导论
|
|
| 作者: | 孙健 著 | |
| 分册: | ||
| 出版信息: | 北京 电子工业出版社 2001.10 |
|
| 页数: | 304页 | |
| 开本: | 16开 | |
| 丛书名: | ||
| 单 册: | ||
| 中图分类: | F062.5 | |
| 科图分类: | ||
| 主题词: | 经济学--分支科学 , 网络经济--概论 | |
| 电子资源: | ||
| ISBN: | 7-5053-7066-9 | |
| 000 | 00576nam0 2200205 45 | |
| 001 | 0210281065 | |
| 005 | 20031219104059.2 | |
| 010 | @a7-5053-7066-9@b平装@dCNY29.00 | |
| 100 | @a20021028d2001 km y0chiy0120 ea | |
| 101 | 0 | @achi |
| 105 | @ak z 000yy | |
| 200 | 1 | @a网络经济学导论@AWang Luo Jing Ji Xue Dao Lun@f孙健著@FSun Jian Zhu |
| 210 | @a北京@c电子工业出版社@d2001.10 | |
| 215 | @a304页@d16开 | |
| 606 | 0 | @a经济学@x分支科学 |
| 606 | 0 | @a网络经济@x概论 |
| 690 | @aF062.5@v4 | |
| 701 | @a孙健@4著 | |
| 801 | @aCN@bTSTC@c20021028 | |
| 905 | @b316413-415@dF062.5@e24@f3 | |
| 网络经济学导论/孙健著.-北京:电子工业出版社,2001.10 |
| 304页;16开 |
| ISBN 7-5053-7066-9(平装):CNY29.00 |
| ● |
| 相关链接 |
|
|
|
|
正题名:网络经济学导论
索取号:F062.5/24
 
预约/预借
| 序号 | 登录号 | 条形码 | 馆藏地/架位号 | 状态 | 备注 |
| 1 | 0316413 | 203164137 | 第一样本阅览室/ [索取号:F062.5/24] | 在馆 | |
| 2 | 0316414 | 203164146 | 第一借阅区/ [索取号:F062.5/24] | 在馆 | |
| 3 | 0316415 | 203164155 | 第一借阅区/ [索取号:F062.5/24] | 在馆 |